000
00310 a2200145 4500
001
169745
020
_a
040
_c
Magnum
100
_a
Cooper, James Fenimore
240
1
0
_a
El ultimo mohicano
_l
ESP
245
1
0
_a
El ultimo mohicano
362
0
_a
1899
697
_a
LITERATURA ESTRANGEIRA
942
_c
BK
999
_c
169745
_d
169745